| 000 | 00760nam a2200217Ia 4500 | ||
|---|---|---|---|
| 008 | 130821s2004 ck a gr spa | ||
| 020 | _a978 8175 80 1 | ||
| 040 |
_aCo-BoUCM _bspa |
||
| 041 | 0 | 0 | _aspa |
| 100 | 1 |
_aGómez Moreno, Pedro Pablo _9169844 |
|
| 245 | 1 | 3 |
_aEl surrealismo pensamiento del objeto y construcción de mundo _cPedro Pablo Gómez Moreno |
| 260 |
_aBogotá (Colombia) _bUniversidad Distrital Francisco José de Caldas _c2004 |
||
| 300 |
_a189 páginas _bilustraciones color |
||
| 490 | 0 | _aArte y literatura | |
| 650 |
_aArte moderno _ySiglo XX _928953 |
||
| 650 |
_aArte _99444 |
||
| 650 |
_aEstética _915073 |
||
| 650 |
_aSurrealismo _924973 |
||
| 942 |
_cLIBRO _a17 _e1 _mG633s _2DEWEY _h701.17 |
||
| 999 |
_c77892 _d77892 |
||